| 000 | 00686nam a22001815i 4500 | ||
|---|---|---|---|
| 001 | 162865 | ||
| 003 | ES-MaACL | ||
| 005 | 20250901105526.0 | ||
| 008 | 050706s1862 it |||| | ita d | ||
| 040 |
_aCAM _bspa _cCAM |
||
| 245 | 0 | 0 |
_aRaccolta dei trattati e delle convenzioni commerciali in vigore tra l'Italia e gli stati stranieri / _ccompilata per cura del Ministero per gli Affari Esteri di S.M. Re d'Italia. |
| 260 |
_aTorino : _b[s.n.], _c1862 ( _fTipografia G. Fayale e Comp.) |
||
| 300 |
_aXXX, 1020 p. ; _c22 cm. |
||
| 650 | 0 |
_aComercio exterior- _zItalia _9223741 |
|
| 752 |
_aItalia - _dTurĂn |
||
| 852 |
_aES-MaACL _jG-14372 _z-- Enc. hol. |
||
| 999 |
_c162865 _d162865 |
||